Statistics for END OF THE WORLD SCENARIOS

Click here to take the quiz!

General Stats

  • This quiz has been taken 10 times
  • The average score is 5 of 12

Answer Stats

HintAnswerScenario% Correct
One of the deadliest pandemics ever, occurring between 1918 - 1920.Spanish FluGlobal Pandemic
100%
Famous national park in Wyoming that contains a supervolcano.YellowstoneSupervolcano Eruption
89%
Oceanic phenomenon associated with altering weather patterns worldwide and influencing the frequency and intensity of stormsEl NiñoExtreme Weather
56%
Country with the current lowest birth rate.South KoreaPopulation Decline
56%
Particle accelerator that caused worry about producing mini black holes, strangelets, or false vacuum states.Large Hadron ColliderParticle Physics Chain-reaction
44%
Largest impact event in recorded history occurring in Siberia in 1908.Tunguska EventAsteroid Impact
44%
What does M.A.D stand for?Mutually Assured DestructionNuclear War
33%
This company created ChatGPT and is aiming to achieve the lofty goal of building artificial general intelligence.OpenAIArtificial Superintelligence Takeover
22%
Catastrophic scenario involving self-replicating nanobots. (Grey ___)GooSelf-replicating Nanobots
11%
Which element is primarily formed in supernova explosions through nucleosynthesis processes?IronSupernova Explosion
11%
Paradox involving the lack of evidence yet seemingly high probabilities of the existence of alien life.Fermi ParadoxExtraterrestrial Invasion
0%
Cyberattack that utilizes a recently-publicized computer software vulnerability.Zero-dayCyberattack
0%

Score Distribution

Percentile by Number Answered

Percent of People with Each Score

Your Score History

You have not taken this quiz